000 01121nam a22003017a 4500
001 1513
003 CO-MdFUSB
005 20240531062735.0
008 170418t1968 xxu||||| |||| 00| 0 eng d
040 _cCO-MdFUSB
_aCO-MdFUSB
_bspa
_dCO-MdFUSBC
_erda
041 0 _aeng
082 0 4 _aG 209.22 K828c
100 1 _aKooiman, Helen W.
_eautor
245 1 0 _aCameos
_b : Women fashioned by God
_c / Helen Kooiman
264 4 _aWheaton, ILL., USA :
_b Tyndale,
_c©1968
300 _a163 páginas
336 _2rdacontent
_a1
_ba1
337 _2rdamedia
_a2
_b5
338 _2rdacarrier
_a2
_b5
501 _aRústico
505 0 0 _aOlivia Plummer - Regina Ramsay - Ruth Dix - Joyce Landorf - Dale Evans Rogers - Wanda Jones - Marianna Slocum - Millie Dienert - Charlyne E. Haden - Marj Saint Van Der Puy - Thelma Elfstrom - Lila Trotman - Darlene Swanson - Betty Truxton - Vonette Bright - Plain Jane
650 1 4 _aMUJERES - BIOGRAFIAS \ CRISTIANISMO - BIOGRAFIAS
650 7 _aBiografía
_9409
650 7 _aCristianismo
_2
_922
653 _aMujeres - Biografías
653 _aCristianismo - Biografías
942 _cBK
999 _c32833
_d32833